000 00438nam a22001577a 4500
005 20251108172028.0
008 250721s2002 xx 000 0 ara d
082 1 4 _a179.9/محم
100 1 _aمحمد، علي علي
245 1 0 _aالكتمان و أثره في الحياة /
264 1 _aعمان :
_bدار الإسراء للنشر،
_c2002.
300 _a96ص
650 1 7 _aالسرية
942 _2ddc
_cBK
999 _c68660
_d68660